Talking with Kids: (Record no. 9535)
[ view plain ]
| 000 -LEADER | |
|---|---|
| fixed length control field | 00483nam a22001577a 4500 |
| 003 - CONTROL NUMBER IDENTIFIER | |
| control field | OSt |
| 005 - DATE AND TIME OF LATEST TRANSACTION | |
| control field | 20151215092903.0 |
| 008 - FIXED-LENGTH DATA ELEMENTS--GENERAL INFORMATION | |
| fixed length control field | 130827t xxu||||| |||| 00| 0 eng d |
| 020 ## - INTERNATIONAL STANDARD BOOK NUMBER | |
| International Standard Book Number | 9789810407346 |
| 050 ## - LIBRARY OF CONGRESS CALL NUMBER | |
| Classification number | BF 723 |
| Item number | .M961 1999 |
| 082 ## - DEWEY DECIMAL CLASSIFICATION NUMBER | |
| Classification number | HS 649.1 |
| Item number | M91 1995 |
| 245 ## - TITLE STATEMENT | |
| Title | Talking with Kids: |
| Remainder of title | how to improve communication and your relationship with your children. |
| Statement of responsibility, etc | Mulvaney, Allison |
| 260 ## - PUBLICATION, DISTRIBUTION, ETC. (IMPRINT) | |
| Place of publication, distribution, etc | Singapore : |
| Name of publisher, distributor, etc | Media Masters, |
| Date of publication, distribution, etc | c1995. |
| 942 ## - ADDED ENTRY ELEMENTS (KOHA) | |
| Source of classification or shelving scheme | Library of Congress Classification |
| Koha item type | Books |
| Withdrawn status | Lost status | Source of classification or shelving scheme | Damaged status | Home library | Current library | Shelving location | Date acquired | Total Checkouts | Full call number | Barcode | Date last seen | Date checked out | Copy number | Price effective from | Koha item type |
|---|---|---|---|---|---|---|---|---|---|---|---|---|---|---|---|
| Library of Congress Classification | Luxembourg Library | Luxembourg Library | High School Section | 08/27/2013 | 1 | BF 723 .M961 1999 | 11435 | 07/10/2018 | 07/03/2018 | 1 | 08/27/2013 | Books |